000 01020nam0a22002531 4500
001 rc\659274
005 20031121165313.4
035 _a(NLR Aleph) 005898668
090 _a6253464
_c6253464
100 _a20031121d1986 u |0rusy50 ca
101 0 _arus
102 _aRU
105 _aa |||||||||
200 1 _aВопросы сравнительной физиологии и разработка теоретических основ биотестирования
_eСб. науч. тр.
_fЯросл. гос. ун-т
_g[Редкол.: Г.Е. Сабуров (отв. ред.) и др.]
210 _aЯрославль
_cЯрГУ
_d1986
215 _a127, [2] с.
_cил.
_d20
320 _aБиблиогр. в конце ст.
702 1 _aСабуров
_bГ. Е.
_gГенрих Евгеньевич
_4340
712 0 2 _aЯрославский ун-т им. П.Г.Демидова
_3RU\NLR\AUTH\888430
801 0 _aRU
_bNLR
_gpsbo
801 1 _aRU
_bELAR
_2rusmarc
852 _aNLR
_j87-3/4028
942 _cBOOK
980 _aNB